Échelle de mots : de Feu à Air - Statistiques

Statistiques générales
  • Ce quiz a été pris 10 741 fois
  • Le résultat moyen est 31 sur 37
Statistiques - réponses
Indice Mot % Correct
Il brûle Feu
100%
Pas beaucoup Peu
99%
Il gratte la tête Pou
99%
Pas contre Pour
97%
Le latin est une langue ... Morte
95%
On l'ouvre pour quitter la pièce Porte
95%
Mélange de terre et d'eau Boue
93%
Cette société livre le courrier Poste
93%
Il fait ça quand il a soif Boit
92%
Après l'après-midi Soir
92%
Gaz que l'on respire Air
91%
Extremité Bout
91%
La nuit l'interrompt Jour
91%
Une main qui transpire Moite
91%
Elle enferme son contenu Boîte
89%
Ferrée, elle permet le passage des trains Voie
88%
À l'inverse du meilleur Pire
87%
Urine (familier) Pisse
87%
Infinitif de "vîtes" Voir
87%
Se dit quand on a mal Aïe
86%
Pas haute Basse
85%
En lui envoyant le ballon il lui fait la ... Passe
84%
Les araignées tissent leur toile avec ce matériau Soie
84%
Morceau de bœuf dans le pot-au-feu Joue
82%
Il nous est attribué au théâtre Rôle
81%
Fruit juteux Poire
80%
Du rouge, du blanc ou du ... Rosé
80%
Elle tourne Roue
78%
C'est un poisson plat Sole
78%
On la prend en photo Pose
73%
Petit fruit tel la mûre et la groseille Baie
71%
A perdu son emploi (familier) Viré
69%
Le support d'un objet Base
67%
Serre pour fixer Visse
66%
Et même Voire
64%
Cible Vise
61%
Accompagne un sentiment de joie Rire
60%
Aucun quiz correspondant
Distribution des résultats
% des personnes avec chaque résultat
Percentile par nombre de réponses
Votre historique - résultats
Vous n’avez pas pris ce quiz